000 00455nam a22001817a 4500
003 CEME
005 20210628203355.0
008 210305b xxu||||| |||| 00| 0 eng d
020 _a0-340-69173-5
040 _c.
082 _a425 BUR
100 _aBorjars, Kersti, Burridge, Kate
_965053
245 _aIntroducing english grammar
260 _aNEW YORK
_bARNOLD
_c2001
300 _aXIII,309P
650 _aENGLISH GRAMMAR
_965054
942 _cBK
_2ddc
999 _c573374
_d573374